Mapa del Mundo - Estadísticas

Estadísticas generales
  • Esta prueba ha sido intentada 3.377 veces
  • La puntuación promedio es 100 de 196
Respuestas en el mapa
Las respuestas están codificadas por una escala verde-roja en el mapa de la prueba según el % correcto abajo.
 
Estadísticas de respuestas
Respuesta % Correcto
Canadá
87%
Estados Unidos
86%
México
82%
Argentina
70%
Belice
69%
Brasil
69%
Alemania
68%
Cuba
68%
Panamá
68%
Chile
66%
Bahamas
65%
Bolivia
65%
Colombia
65%
Costa Rica
64%
El Salvador
64%
España
64%
Venezuela
64%
Andorra
63%
Francia
63%
Guatemala
63%
Haití
63%
Irlanda
63%
República Dominicana
63%
Dinamarca
62%
Ecuador
62%
Islandia
62%
Italia
62%
Jamaica
62%
Perú
62%
Portugal
62%
Reino Unido
62%
Uruguay
62%
Paraguay
61%
Rusia
61%
Argelia
60%
Australia
60%
Bélgica
60%
Bielorrusia
60%
Finlandia
60%
Austria
59%
Honduras
59%
Nicaragua
59%
Arabia Saudí
58%
Egipto
58%
Noruega
58%
Polonia
58%
Suecia
58%
Surinam
58%
Albania
57%
China
57%
Grecia
57%
Malta
57%
Marruecos
57%
Países Bajos
57%
Ucrania
57%
Corea del Norte
56%
Corea del Sur
56%
Croacia
56%
Estonia
56%
Lituania
56%
Suiza
56%
Afganistán
55%
Guyana
55%
India
55%
Japón
55%
Letonia
55%
Madagascar
55%
Ciudad del Vaticano
54%
Mónaco
54%
Sudáfrica
54%
Túnez
54%
Bosnia y
Herzegovina
53%
Bulgaria
53%
Cabo Verde
53%
Chipre
53%
Libia
53%
Liechtenstein
53%
Luxemburgo
53%
Mongolia
53%
Nueva Zelanda
53%
República Checa
53%
Rumania
53%
Turquía
53%
Angola
52%
Eslovenia
52%
Hungría
52%
Indonesia
52%
Moldavia
52%
Bangladés
51%
Chad
51%
Emiratos Árabes
Unidos
51%
Eslovaquia
51%
Filipinas
51%
Macedonia del
Norte
51%
Omán
51%
Serbia
51%
Sudán
51%
Sudán del Sur
51%
Camboya
50%
Catar
50%
Etiopía
50%
Kazajistán
50%
Kosovo
50%
Papúa Nueva
Guinea
50%
San Marino
50%
Sri Lanka
50%
Taiwán
50%
Armenia
49%
Azerbaiyán
49%
Eritrea
49%
Irán
49%
Malí
49%
Mauritania
49%
Nepal
49%
Nigeria
49%
Pakistán
49%
Somalia
49%
Vietnam
49%
Israel
48%
Lesoto
48%
Montenegro
48%
Mozambique
48%
República
Centroafricana
48%
Siria
48%
Tailandia
48%
Botsuana
47%
Burkina Faso
47%
Bután
47%
Irak
47%
Jordania
47%
Laos
47%
Malasia
47%
Maldivas
47%
Níger
47%
República del Congo
47%
Senegal
47%
Yemen
47%
Camerún
46%
Esuatini
46%
Guinea Ecuatorial
46%
Kenia
46%
Kuwait
46%
Myanmar
46%
Namibia
46%
Trinidad y
Tobago
46%
Georgia
45%
Líbano
45%
Mauricio
45%
República
Democrática del
Congo
45%
Santo Tomé y
Príncipe
45%
Seychelles
45%
Timor Oriental
45%
Baréin
44%
Benín
44%
Costa de Marfil
44%
Gambia
44%
Singapur
44%
Tanzania
44%
Uganda
44%
Yibuti
44%
Comoras
43%
Gabón
43%
Ghana
43%
Guinea
43%
Malaui
43%
Ruanda
43%
Uzbekistán
43%
Zimbabue
43%
Liberia
42%
Tayikistán
42%
Zambia
42%
Kirguistán
41%
Togo
41%
Brunéi
40%
Burundi
40%
Estados Federados
de Micronesia
40%
Guinea Bisáu
40%
Kiribati
40%
Sierra Leona
40%
Turkmenistán
40%
Fiyi
34%
Palaos
34%
Islas Marshall
33%
Antigua y
Barbuda
32%
Islas Salomón
31%
Nauru
31%
Barbados
30%
Granada
28%
Tonga
27%
Tuvalu
26%
Vanuatu
26%
Dominica
25%
Samoa
25%
Santa Lucía
25%
San Vicente
y las Granadinas
25%
San Cristóbal
y Nieves
23%
No se encontraron pruebas coincidentes
Distribución de puntuación
Porcentaje de gente con cada puntuación
Porcentaje por número respondido
Historial de tus puntuaciones
No has intentado esta prueba.